00897naa#a2200193#i#4500001001500000005001700015011001400032100004100046101000800087102000700095200018700102210010500289215001000394608004500404675012700449700005200576700005400628856002100682RU\\bibl\9976620260501104701.5##a1019-8946##a20250616b2025####ek#y0rusy0150####ca0#aRUS##aRU1#aРесурсы молочной промышленности в производстве продуктов энтерального питанияeЖурнальная статья1#aКемеровоcКемеровский государственный университетd2025##a4 с.##aЖурнальная статья2local##aСельское хозяйство. Лесное хозяйство. Охота. Рыбное хозяйство. 63zRUS#1aНовокшановаgАлла Львовна#1aКочетковаgАлла Алексеевна4#ajcenter.kemsu.ru